00589nam a2200121 a 450000100100000000500170001000800410002704000250006808200150009324502780010826000610038630000200044700003464020200930073819.0111011s1959 dr r 000 0 spa d aDO-SdBNPbspacBNPHU axxxxbM548 0aMensaje que los profesionales universitarios dominicanos dirigen a su excelencia el generalisimo doctor Rafael L. Trujillo Molina, benefactor de la patria y padre de la patria nueva, en ocasión del homenaje nacional que dicha clase rinde al líder del pueblo dominicano. aCiudad Trujillo, República Dominicana :b[s.n],c1959. a57 p. ;c24 cm.